000 00806nam a22002417a 4500
003 0
005 20250506170923.0
008 250506b xxu||||| |||| 00| 0 eng d
020 _a9786214270767
050 _aHF 5549.5
_b.M37 2021
100 _aMarcelo, Danilo F.
245 _aHuman resource development
_cDanilo F. Marcelo, Jr. , Maria FeSocan-Marcelo, Erico Roy A. Lopez
260 _aManila
_bUnlimited Books Library Services & Publishing Inc.
_cc2021
300 _axii, 282 pages ;
_c26cm.
504 _aIncludes bibliographical references.
650 _aEmployees—Training of.
650 _aPersonnel management.
650 _aHuman capital—Development.
650 _aCareer development.
700 _aMarcelo, Maria Fe Socan
700 _aLopez, Erico Roy A.
942 _2lcc
_cBK
999 _c367456
_d367456